000 00555nam a2200205Ia 4500
005 20250923144848.0
008 008 250917s9999 xx 000 0 eng d
037 _aTextual
040 _aDSWL
_beng
_cDSWL
041 _aeng
_2eng
084 _aWz7, K3
_qDSWL
100 _aLohia, Rammanohar
_9829181
245 0 _aMarx, Gandhi and socialism
_cby Rammanohar Lohia
260 _aHyderabad
_bNavahind
_c1963
300 _a550p.
365 _aINR
_b30
925 _g30
942 _cTEXL
_hWz7, K3
999 _c1444296
_d1444296